| 000 | 00894nam a22002177a 4500 | ||
|---|---|---|---|
| 003 | BDDh-ASL | ||
| 005 | 20231015031211.0 | ||
| 008 | 230306s2007 b ||||| |||| 00| 0 b d | ||
| 040 | _cBDDh-ASL | ||
| 041 | _abengali | ||
| 082 |
_a954.92211 _bFAR |
||
| 100 | 1 |
_aরায়, আনন্দনাথ _97406 |
|
| 245 | 0 | 0 |
_aফরিদপুরের ইতিহাস / _cআনন্দনাথ রায়; তপন বাগচী (সম্পা.) |
| 246 | _aFaridpurer Itihas. | ||
| 260 |
_aঢাকা: _bবইপত্র, _c২০০৭। |
||
| 300 |
_a৪৮০ পৃষ্ঠা: _c২২ সে.মি. |
||
| 650 | 0 |
_aHistory (ইতিহাস) _94586 |
|
| 651 | 0 |
_aFaridpur (ফরিদপুর) _zBangladesh (বাংলাদেশ) _xBangladesh (বাংলাদেশ) _97407 |
|
| 700 | 1 |
_aবাগচী, তপন _cড. _91717 |
|
| 942 |
_2ddc _cBK |
||
| 999 |
_c30859 _d30859 |
||